000
00285nam a22001337a 4500
008
180313b xxu||||| |||| 00| 0 eng d
020
_a
0321168143
041
_a
eng
080
_a
336
100
_a
56
101
_a
FIN
245
_a
Personal finance
_c
Morrsion,D.R
942
_2
udc
_c
BK
999
_c
44851
_d
44851